00646nam a22002177a 4500003001100000005001700011008004100028020001500069040003900084041000800123082001600131100001900147245004100166260004500207300001900252650002700271650001700298942000700315952009100322999001500413LK-CoMWRAF20230923090914.0230923b1985 |||||||| |||| 00| 0 eng d a0860371522 aLK-CoMWRAFdLK-CoMWRAFeLK-CoMWRAF aeng a297.44bMUR aMurad, Khurram aSacrifice : bThe making of a Muslim aLeicester : bIslamic foundation, c1985 a[40]p. ; 21cm. aReligious life (Islam) aIslamic life cBK 00104070aMAINbMAINd2023-09-23l0o297.44 MURpRAF1313r2023-09-23w2023-09-23yBK c3629d3629